000
00258nam a22000977a 4500
999
_c
11741
_d
11741
008
200113b ||||| |||| 00| 0 eng d
020
_a
9780681415546
100
_a
Gibbs Bridget
_9
7429
245
_a
Mommy & Baby on the Farm
260
_a
Colombia
_b
Longmeadow
_c
1992